Reestructuraciones socialmente responsables

Saved in:
書目詳細資料
主要作者: López Caballero, Angels (autora)
格式: 圖書
語言:西班牙语
出版: Valencia Tirant lo Blanch 2008
叢編:Laboral
主題:
標簽: 添加標簽
沒有標簽, 成為第一個標記此記錄!

MARC

LEADER 00000nam a2200000 a 4500
001 UCI9284
003 CL-VaPUC
008 081106e20080000SP |||||||||||||||||spa|d
020 |a 9788498761924 
082 0 4 |a 344.01  |b LOP  |2 21 
100 |a López Caballero, Angels  |e autora  |9 532916 
245 1 0 |a Reestructuraciones socialmente responsables 
300 |a 173 p 
942 |c BK 
945 |d 20081106 00:00:00  |a rbrito 
260 |a Valencia  |b Tirant lo Blanch  |c 2008 
650 7 |a DERECHO LABORAL  |2 CL-VaPUC  |9 15 
650 0 |a Sindicatos  |9 255034 
650 0 |a Trabajadores  |9 260887 
650 0 |a Responsabilidad social  |9 339076 
651 0 |a Europa  |9 255156 
583 |a last modification  |c 20170801 05:46:18  |k Rodrigo Vera 
490 0 |a Laboral 
999 |c 331850  |d 331848 
952 |0 0  |1 0  |4 0  |6 344_010000000000000_LOP_2008  |7 0  |8 A  |9 419014  |a BIBDER  |b BIBDER  |d 2019-11-22  |i 4495195  |o 344.01 LOP 2008  |p 4495195  |r 2023-01-25  |w 2019-11-22  |y BK  |k DER